000 01667cab a2200229 4500
001 L130041
008 050617n2005 000 0 eng u
035 _a(Sirsi) u130041
041 _aeng
100 _aBennett, Joan
245 _aEvolving advice on sustainability appraisal
260 _c2005
490 _aTown & Country Planning
_v74(5) May 2005, 162-163(2)
520 _aExamines government advice on sustainability appraisal presented to planning authorities in the last few years, driven by the planning reforms in England and Wales and the European Strategic Environmental Assessment Directive (Directive 2001/42/EC). Assesses key changes in the ODPM interim advice (April 2005), which sets out the five principal stages in the sustainability appraisal process and proposes a single scoping report. Highlights two areas of uncertainty in the interim advice: the initial sustainability appraisal report is no longer required despite reference to it in "Planning Policy Statement 12: local development frameworks" and an implied radical re-arrangement of stages B and C of the sustainability appraisal process. Comments on the partial clarification of the differences between supplementary planning and development plan documents. Hopes that the final version of the appraisal guidance will present a clear and feasible process for hard-pressed local planning authorities. Notes.
590 _aIKA210605
650 _aDIRECTIVE 2001/42/EC
650 _aPLANNING POLICY STATEMENT 12
690 _aENVIRONMENTAL AND LAND CONSULTANCY-PLANNING AND DEVELOPMENT-PLANNING GUIDANCE
700 _aCounsell, David
700 _aFeeney, David
942 _n0
999 _c75412
_d75412